बनिया बहू / (Record no. 113462)

MARC details
000 -LEADER
fixed length control field 01175nam a22002897a 4500
003 - CONTROL NUMBER IDENTIFIER
control field dpl
005 - DATE AND TIME OF LATEST TRANSACTION
control field 20180927140107.0
008 - FIXED-LENGTH DATA ELEMENTS--GENERAL INFORMATION
fixed length control field 180919b ||||| |||| 00| 0 eng d
010 ## - LIBRARY OF CONGRESS CONTROL NUMBER
LC control number B-037833
020 ## - INTERNATIONAL STANDARD BOOK NUMBER
Terms of availability 125.00
International Standard Book Number 8171196071
035 ## - SYSTEM CONTROL NUMBER
System control number B-037833, B-037855, B-037854
037 ## - SOURCE OF ACQUISITION
Source of stock number/acquisition Cen Lib/Ret
040 ## - CATALOGING SOURCE
Original cataloging agency DPL
Language of cataloging HN
Transcribing agency 0
082 ## - DEWEY DECIMAL CLASSIFICATION NUMBER
Classification number
Item number महाश्वे
100 ## - MAIN ENTRY--PERSONAL NAME
Personal name महाश्वेता देवी
9 (RLIN) 52337
245 ## - TITLE STATEMENT
Title बनिया बहू /
Statement of responsibility, etc महाश्वेता देवी; अनुवाद महेश्वर
246 ## - VARYING FORM OF TITLE
Title proper/short title Baniya bahoo /
Remainder of title by Mahashweta Devi; anuvad Maheshwar
260 ## - PUBLICATION, DISTRIBUTION, ETC. (IMPRINT)
Place of publication, distribution, etc दिल्ली
Name of publisher, distributor, etc भूमिका प्रकाशन
Date of publication, distribution, etc 2000
270 ## - ADDRESS
City दिल्ली
Address जी-१७, जगतपुरी
Postal code 110051
300 ## - PHYSICAL DESCRIPTION
Extent 130पृ.
Dimensions 20सेमी(सजिल्द )
650 ## - SUBJECT ADDED ENTRY--TOPICAL TERM
Topical term or geographic name as entry element हिंदी साहित्य
General subdivision
Geographic subdivision
9 (RLIN) 52338
650 ## - SUBJECT ADDED ENTRY--TOPICAL TERM
Topical term or geographic name as entry element हिंदी कहानियां
9 (RLIN) 2082
650 ## - SUBJECT ADDED ENTRY--TOPICAL TERM
Topical term or geographic name as entry element Hindi literature
Form subdivision
9 (RLIN) 52339
650 ## - SUBJECT ADDED ENTRY--TOPICAL TERM
Topical term or geographic name as entry element Hindi stories
9 (RLIN) 52340
700 ## - ADDED ENTRY--PERSONAL NAME
Personal name महेश्वर
9 (RLIN) 52341
942 ## - ADDED ENTRY ELEMENTS (KOHA)
Source of classification or shelving scheme Dewey Decimal Classification
Koha item type Hindi Books
Classification part
Call number suffix महाश्वे
Holdings
Withdrawn status Lost status Damaged status Not for loan Home library Current library Date acquired Source of acquisition Cost, normal purchase price Total Checkouts Full call number Barcode Date last seen Copy number Cost, replacement price Price effective from Koha item type Public note Source of classification or shelving scheme Collection code
Written off       Central Library Central Library 12/08/2015 Cen Lib/Ret 125.00   क महाश्वे B-037833 12/08/2015 1 125.00 12/08/2015 Hindi Books Written off on approval by DLB (By Circulation); dtd 15-06-2023    
        Shahdara Branch Shahdara Branch 19/09/2018 BPPD/PUB 125.00   क महाश्वे B-037855 19/09/2018   125.00 19/09/2018 Hindi Books   Dewey Decimal Classification Fiction
        Shahdara Branch Shahdara Branch 27/09/2018 BPPD/PUB 125.00   क महाश्वे B-037854 27/09/2018   125.00 27/09/2018 Hindi Books   Dewey Decimal Classification Fiction

© Delhi Public Library
Hit Counter
free hit counter